00836nam a2200193 4500001000700000003000900007005001700016007000300033008004100036100002900077245019000106260005300296300004000349700003500389700004500424852003200469999001900501952012200520144253ES-MaACL20230906200957.0t|070214s1966 sp r ||||1| spa d1 aSinger, Charles.910662210aBreve historia de la Medicina / cCharles Singer y E. Ashwort Underwood ; con un apéndice sobre la Historia de la Medicina española [y traducción] por José Mª López Piñero. aMadrid : bGuadarrama, c1966 (fSánchez Leal) a821 p., 2 lám. : bil. ; c23 cm.1 aUnderwood, E. Ashwort.91119981 aLópez Piñero, José María.973895 aES-MaACLjC-31569 bR.61358 c144253d144253 00104070aATENEOMbATENEOMcDEPO2d2008-01-17eSCl0oC-31569p1150082r2023-02-23 00:00:00w2023-02-23yMONOGRAFIA